Adjustment in Oil-importing Developing Countries: (Record no. 9079)

MARC details
000 -LEADER
fixed length control field 01141cam a2200301 a 4500
001 - CONTROL NUMBER
control field 1561339
003 - CONTROL NUMBER IDENTIFIER
control field OSt
005 - DATE AND TIME OF LATEST TRANSACTION
control field 20251008154816.0
008 - FIXED-LENGTH DATA ELEMENTS--GENERAL INFORMATION
fixed length control field 921103s1994 enka b 001 0 eng
010 ## - LIBRARY OF CONGRESS CONTROL NUMBER
LC control number 92036214
020 ## - INTERNATIONAL STANDARD BOOK NUMBER
International Standard Book Number 0521443164 (hardback)
040 ## - CATALOGING SOURCE
Transcribing agency must
043 ## - GEOGRAPHIC AREA CODE
Geographic area code d------
050 00 - LIBRARY OF CONGRESS CALL NUMBER
Classification number HC59.7
Item number .A734 1994
082 00 - DEWEY DECIMAL CLASSIFICATION NUMBER
Classification number 338.2 MIT 1994
Edition number 20
100 ## - MAIN ENTRY--PERSONAL NAME
Personal name Edited by Pradeep K. Mitra.
9 (RLIN) 19434
245 00 - TITLE STATEMENT
Title Adjustment in Oil-importing Developing Countries:
Remainder of title a comparative economic analysis
260 ## - PUBLICATION, DISTRIBUTION, ETC. (IMPRINT)
Name of publisher, distributor, etc. Cambridge University Press,
Date of publication, distribution, etc. 1994.
300 ## - PHYSICAL DESCRIPTION
Extent xiv, 321 p. :
Other physical details ill. ;
Dimensions 24 cm.
504 ## - BIBLIOGRAPHY, ETC. NOTE
Bibliography, etc Bibliographical references, & index included
650 #0 - SUBJECT ADDED ENTRY--TOPICAL TERM
Topical term or geographic name as entry element Structural adjustment
9 (RLIN) 18472
650 #0 - SUBJECT ADDED ENTRY--TOPICAL TERM
Topical term or geographic name as entry element Petroleum products
9 (RLIN) 18473
856 42 - ELECTRONIC LOCATION AND ACCESS
Materials specified Publisher description
Uniform Resource Identifier <a href="http://www.loc.gov/catdir/description/cam025/92036214.html">http://www.loc.gov/catdir/description/cam025/92036214.html</a>
856 41 - ELECTRONIC LOCATION AND ACCESS
Materials specified Table of contents
Uniform Resource Identifier <a href="http://www.loc.gov/catdir/toc/cam028/92036214.html">http://www.loc.gov/catdir/toc/cam028/92036214.html</a>
906 ## - LOCAL DATA ELEMENT F, LDF (RLIN)
a 7
b cbc
c orignew
d 1
e ocip
f 19
g y-gencatlg
942 ## - ADDED ENTRY ELEMENTS (KOHA)
Source of classification or shelving scheme Dewey Decimal Classification
Koha item type Open Shelf
Holdings
Withdrawn status Lost status Source of classification or shelving scheme Damaged status Not for loan Home library Current library Date acquired Source of acquisition Inventory number Total Checkouts Full call number Barcode Date last seen Price effective from Koha item type
    Dewey Decimal Classification     MUST Main Library MUST Main Library 05/07/2024 donation 10080   338.2 MIT 1994 2024-21798 05/07/2024 05/07/2024 Open Shelf